Administración: una perspectiva global
Uloženo v:
| Hlavní autoři: | , |
|---|---|
| Médium: | Kniha |
| Jazyk: | španělština |
| Vydáno: |
Ciudad de México
McGraw Hill Interamericana
2004
|
| Vydání: | 7a. ed |
| Témata: | |
| Tagy: |
Přidat tag
Žádné tagy, Buďte první, kdo vytvoří štítek k tomuto záznamu!
|
MARC
| LEADER | 00000nam a2200000 a 4500 | ||
|---|---|---|---|
| 001 | UCL7242 | ||
| 003 | CL-VaPUC | ||
| 008 | 040514e20040000MX |||||||||||||||||spa|d | ||
| 020 | |a 9701039491 | ||
| 082 | 0 | 4 | |a 658 |b KOO |2 21 |
| 100 | |a Koontz, Harold |e author |9 222211 | ||
| 700 | 0 | |a Weihrich, Heinz |e author |9 485092 | |
| 245 | 1 | 0 | |a Administración: una perspectiva global |
| 250 | |a 7a. ed | ||
| 300 | |a 804 p | ||
| 942 | |c BK | ||
| 945 | |d 20040514 00:00:00 |a cmena | ||
| 260 | |a Ciudad de México |b McGraw Hill Interamericana |c 2004 | ||
| 650 | 0 | |a Administración de empresas |9 260833 | |
| 650 | 0 | |a Gestión |9 260993 | |
| 650 | 0 | |a Planificación estratégica |9 259735 | |
| 650 | 7 | |a CONTROL ADMINISTRATIVO |2 CL-VaPUC |9 368209 | |
| 650 | 7 | |a ETICA ADMINISTRATIVA |2 CL-VaPUC |9 430993 | |
| 650 | 0 | |a Toma de decisiones |9 257530 | |
| 583 | |a last modification |c 20160311 23:29:25 |k Rodrigo Vera | ||
| 999 | |c 309090 |d 309088 | ||
| 952 | |0 0 |1 0 |4 0 |6 658_000000000000000_KOO_2004 |7 0 |8 R |9 376357 |a BIBENE |b BIBENE |d 2019-11-21 |i 401331K |o 658 KOO 2004 |p 401331K |r 2025-01-15 |w 2019-11-21 |y BK_R |k ICO | ||
| 952 | |0 0 |1 0 |4 0 |6 658_000000000000000_KOO_2004 |7 0 |8 R |9 376358 |a BIBENE |b BIBENE |d 2019-11-21 |i 4113217 |o 658 KOO 2004 |p 4113217 |r 2025-01-15 |w 2019-11-21 |y BK_R |k ICO | ||
| 952 | |0 0 |1 0 |4 0 |6 658_000000000000000_KOO_2004 |7 0 |8 R |9 376359 |a BIBENE |b BIBENE |d 2019-11-21 |i 4113225 |o 658 KOO 2004 |p 4113225 |r 2025-01-15 |w 2019-11-21 |y BK_R |k ICO | ||
| 952 | |0 0 |1 0 |4 0 |6 658_000000000000000_KOO_2004 |7 0 |8 R |9 376360 |a BIBENE |b BIBENE |d 2019-11-21 |i 4066545 |o 658 KOO 2004 |p 4066545 |r 2025-01-15 |w 2019-11-21 |y BK_R |k ICO | ||
| 952 | |0 0 |1 0 |4 0 |6 658_000000000000000_KOO_2004 |7 0 |8 R |9 376361 |a BIBENE |b BIBENE |d 2019-11-21 |i 4066553 |l 1 |o 658 KOO 2004 |p 4066553 |r 2025-01-15 |s 2022-03-09 |w 2019-11-21 |y BK_R |k ICO | ||
| 952 | |0 0 |1 0 |4 0 |6 658_000000000000000_KOO_2004 |7 0 |8 R |9 376362 |a BIBENE |b BIBENE |d 2019-11-21 |i 4066561 |o 658 KOO 2004 |p 4066561 |r 2025-01-15 |w 2019-11-21 |y BK_R |k ICO | ||